000 00347nam a2200121 4500
999 _c12417
_d12417
008 190125b ||||| |||| 00| 0 eng d
100 _935043
_aPerez, Ace June Rell S.
245 _aMati City turns 11/
_cAce June Rell S. Perez
260 _aDavao City
_bSun Star Davao
_cc2018
300 _apage 14.
650 0 _935044
_aTourism.
942 _2ddc
_cPER